<?xml version="1.0" encoding="UTF-8"?>
<marc:record xmlns:marc="http://www.loc.gov/MARC21/slim">
   <marc:leader>00000nam a2200000 a 4500</marc:leader>
   <marc:datafield ind1="1" ind2=" " tag="100">
      <marc:subfield code="a">Joachim, Karin</marc:subfield>
      <marc:subfield code="4">aut</marc:subfield>
      <marc:subfield code="e">Verfasser/-in</marc:subfield>
   </marc:datafield>
   <marc:datafield ind1=" " ind2=" " tag="653">
      <marc:subfield code="a">Hund</marc:subfield>
   </marc:datafield>
   <marc:datafield ind1=" " ind2=" " tag="653">
      <marc:subfield code="a">Softcover / Ratgeber/Natur/Hobbytierhaltung</marc:subfield>
   </marc:datafield>
   <marc:datafield ind1=" " ind2=" " tag="653">
      <marc:subfield code="a">Ratgeber</marc:subfield>
   </marc:datafield>
   <marc:datafield ind1="0" ind2="0" tag="245">
      <marc:subfield code="a">Mit meinem Welpen die Welt entdecken</marc:subfield>
   </marc:datafield>
   <marc:datafield ind1="0" ind2="0" tag="245">
      <marc:subfield code="b">fit fürs Leben drinnen und draußen</marc:subfield>
   </marc:datafield>
   <marc:datafield ind1="0" ind2="0" tag="245">
      <marc:subfield code="c">Karin Joachim. [Alle Fotos stammen von Heike Schmidt-Röger</marc:subfield>
   </marc:datafield>
   <marc:datafield ind1=" " ind2="1" tag="264">
      <marc:subfield code="a">Stuttgart (Hohenheim)</marc:subfield>
      <marc:subfield code="b">Ulmer</marc:subfield>
      <marc:subfield code="c">2014</marc:subfield>
   </marc:datafield>
   <marc:datafield ind1="1" ind2=" " tag="520">
      <marc:subfield code="a">Angaben aus der Verlagsmeldung

Mit meinem Welpen die Welt entdecken : Fit fürs Leben drinnen und draußen / von Karin Joachim

Kleine Hunde, große Abenteurer
- Was Hundeeltern wissen wollen
- Welpensozialisation „ganz nebenbei“
- Mit wertvollen Erziehungstipps aus der Praxis
Ob Begegnungen mit Artgenossen, Staubsaugern oder Postboten: Erfahren Sie, wie Ihr Welpe mit Ihrer Hilfe lernt, Alltagssituationen sicher und souverän zu meistern. Die Autorin zeigt, wie Sie das Vertrauen Ihres Welpen gewinnen und ihm Sicherheit geben können. Lernen Sie, ihn behutsam an Neues heranzuführen, ihm Selbstvertrauen zu geben, aber auch, Ihrem kleinen Wirbelwind Grenzen zu setzen. So bereiten Sie Ihren Welpen bestmöglich auf sein zukünftiges Leben als souveränen Familienhund vor!
</marc:subfield>
   </marc:datafield>
   <marc:datafield ind1=" " ind2=" " tag="020">
      <marc:subfield code="a">9783800179930</marc:subfield>
      <marc:subfield code="9">9783800179930</marc:subfield>
   </marc:datafield>
   <marc:datafield ind1=" " ind2=" " tag="020">
      <marc:subfield code="a">3800179938</marc:subfield>
      <marc:subfield code="9">3800179938</marc:subfield>
   </marc:datafield>
   <marc:datafield ind1=" " ind2=" " tag="041">
      <marc:subfield code="a">ger</marc:subfield>
   </marc:datafield>
   <marc:datafield ind1=" " ind2=" " tag="300">
      <marc:subfield code="a">95 S.</marc:subfield>
   </marc:datafield>
</marc:record>
